Ligue 1 21/22 - Statistics

General Stats
  • This quiz has been taken 22 times
  • The average score is 15 of 20
Answer Stats
Club % Correct
Olympique Lyon
100%
PSG
100%
Lille
95%
Olympique Marseille
95%
Bordeaux
86%
Nantes
86%
Nice
86%
Monaco
82%
Stade Rennais
77%
Strasbourg
77%
Metz
73%
Saint Etienne
73%
Angers
68%
Montpellier
68%
Lens
64%
Stade de Reims
64%
Stade Brest
55%
Lorient
50%
Troyes
50%
Clermont Foot
18%
No matching quizzes found
Score Distribution
Percent of People with Each Score
Percentile by Number Answered
Your Score History
You have not taken this quiz